La salud y las mujeres en América Latina y el Caribe : (Registro nro. 11579)

Detalles MARC
000 -LIDER
fixed length control field 00689nam a22002057a 4500
003 - IDENTIFICACDOR DE NÚMERO DE CONTROL
control field DO-SdBNP
005 - DATE AND TIME OF LATEST TRANSACTION
control field 20180206105324.0
008 - ELEMENTOS DE LONGITUD FIJA
fixed length control field 161017b 1997 cl |||| 00| 0 spa d
040 ## - FUENTE DE CATALOGACIÓN
Agencia que crea de manera original el registro BPMSU
Idioma de catalogación spa
Agencia que realiza la transcripción BPMSU
082 #4 - NÚMERO DE CLASIFICACIÓN DECIMAL DE DEWEY
Classification number xxxxxx
Item number xxxxxx
100 1# - ASIENTO PRINCIPAL -- NOMBRE PERSONAL
Nombre personal Gómez Gómez, Elsa
245 13 - MENCIÓN DE TITULO
Título La salud y las mujeres en América Latina y el Caribe :
Subtítulo viejos problemas y nuevos enfoques /
Mención de responsabilidad Elsa Gómez Gómez
260 ## - PUBLICACIÓN, DISTRIBUCIÓN, ETC. (PIE DE IMPRENTA)
Lugar de publicación, distribución, etc Chile :
Nombre del editor, distribuidor, etc. Comisión Económica para América Latina y el Caribe,
Fecha de publicación, distribución, etc 1997.
300 ## - DESCRIPCIÓN FÍSICA
Extensión 71 p. ;
Dimensiones 25 cm.
490 1# - MENCIÓN DE SERIES
Mención de serie Mujer y desarrollo
830 #1 - ASIENTO SECUNDARIO DE SERIE--TÍTULO UNIFORME
Título uniforme Mujer y desarrollo
942 ## - ADDED ENTRY ELEMENTS (KOHA)
Source of classification or shelving scheme Dewey Decimal Classification
Koha item type Libros
945 ## - INFORMACIÓN DE PROCESAMIENTO LOCAL
Información de procesamiento local Inventariado, 2018 / BT
956 ## - LOCAL ELECTRONIC LOCATION AND ACCESS (OCLC)
Nombre de host BTAVÁREZ
Número de acceso 10
Trayectoria 20161017
Nombre Electrónico BPMSU
Procesador de solicitud 0038
Existencias
Withdrawn status Lost status Source of classification or shelving scheme Damaged status Not for loan Collection code Home library Current library Date acquired Source of acquisition Total Checkouts Full call number Barcode Date last seen Price effective from Koha item type
    Dewey Decimal Classification     Colección General Biblioteca Pública Metropolitana Salomé Ureña Biblioteca Pública Metropolitana Salomé Ureña 10/17/2016 Sin sellar   xxxxxxxxx xxxxxxxxx BPMSU16100191 10/17/2016 10/17/2016 Libros